Brand Logos that Start with J - Statistics

General Stats
  • This quiz has been taken 93 times
  • The average score is 7 of 12
Answer Stats
Picture Answer % Correct
Jaguar
99%
Jordan
87%
Jack Daniels
78%
Jeep
77%
John Deere
77%
Johnson and Johnson
68%
Jack in the Box
55%
Japan Airlines
49%
Jiffy Lube
33%
JCPenney
32%
J.P Morgan Chase
32%
Jaguar Land Rover
12%
No matching quizzes found
Score Distribution
Percent of People with Each Score
Percentile by Number Answered
Your Score History
You have not taken this quiz